| Tag |
First Indicator |
Second Indicator |
Subfields |
| LEADER |
00000cas a2200000 a 4500 |
| 001 |
in00001851721 |
| 005 |
20211202195019.0 |
| 006 |
m d f |
| 007 |
cr an- |
| 008 |
040616d19982002ohuar ss f0 0eng c |
| 010 |
|
|
|a 2004230740
|
| 035 |
|
|
|a (OCoLC)ocm55661362
|
| 037 |
|
|
|b Paper version available: U.S. EPA, National Risk Management Research Laboratory, 26 W. Martin Luther King Dr., Mail Stop: G75, Cincinnati, OH 45268
|
| 040 |
|
|
|a GPO
|c GPO
|d MvI
|d UtOrBLW
|
| 042 |
|
|
|a lcd
|
| 043 |
|
|
|a n-us---
|a e------
|
| 049 |
|
|
|a WWW
|
| 074 |
|
|
|a 0431-J-22 (online)
|
| 086 |
0 |
|
|a EP 1.1/12:
|
| 110 |
2 |
|
|a North Atlantic Treaty Organization.
|b Committee on the Challengers of Modern Society.
|
| 240 |
1 |
0 |
|a Annual report.
|p NATO/CCMS pilot study.
|n Phase 1,
|p Clean products and processes (Online)
|
| 245 |
1 |
0 |
|a Annual report.
|p NATO/CCMS pilot study.
|n Phase 1,
|p Clean products and processes.
|
| 246 |
3 |
0 |
|a NATO/CCMS pilot study
|
| 246 |
3 |
0 |
|a Clean products and processes
|
| 264 |
|
1 |
|a Cincinnati, Ohio :
|b U.S. Environmental Protection Agency, University of Cincinnati,
|c 1998-2003.
|
| 336 |
|
|
|a text
|b txt
|2 rdacontent
|
| 337 |
|
|
|a computer
|b c
|2 rdamedia
|
| 338 |
|
|
|a online resource
|b cr
|2 rdacarrier
|
| 362 |
0 |
|
|a 1998-2002.
|
| 310 |
|
|
|a Annual
|
| 516 |
8 |
|
|a HTML and PDF formats.
|
| 538 |
|
|
|a Mode of access: Internet at the EPA web site. Address as of 6/16/04: http://www.epa.gov/ORD/NRMRL/nato/#natopilot; current access is available via PURL.
|
| 500 |
|
|
|a Title from title screen (viewed on June 16, 2004).
|
| 520 |
|
|
|a Phase 1 of the pilot study was established to create an international forum where current trends, developments, and know-how in cleaner technolgies, and in tools for measuring their cleanliness can be discussed, debated, and shared.
|
| 530 |
|
|
|a Online version of print version.
|
| 550 |
|
|
|a The United States is represented by EPA's National Risk Management Research Laboratory.
|
| 500 |
|
|
|a Electronic resource.
|
| 650 |
|
0 |
|a Sustainable development
|x Technological innovations
|z United States
|v Periodicals.
|
| 650 |
|
0 |
|a Sustainable development
|x Technological innovations
|z Europe
|v Periodicals.
|
| 650 |
|
0 |
|a Manufacturing processess
|x Technological innovations
|z Europe
|v Periodicals.
|
| 776 |
0 |
8 |
|i Print version:
|a North Atlantic Treaty Organization. Committee on the Challengers of Modern Society.
|t Annual report. NATO/CCMS pilot study. Phase 1, Clean products and processes
|
| 785 |
0 |
0 |
|a North Atlantic Treaty Organization. Committee on the Challengers of Modern Society.
|s Annual report. NATO/CCMS pilot study. Phase 11, Clean products and processes (Online)
|
| 710 |
2 |
|
|a National Risk Management Research Laboratory (U.S.)
|
| 856 |
4 |
0 |
|u https://purl.fdlp.gov/GPO/LPS24551
|t 0
|
| 999 |
|
|
|a MARS
|
| 999 |
f |
f |
|s 43f0ce2a-8698-35db-8ca9-b93da0bdf96d
|i e6512777-44e5-35c2-9959-74581cb712b5
|t 0
|
| 952 |
f |
f |
|a Texas A&M University
|b College Station
|c Electronic Resources
|d Available Online
|t 0
|e EP 1.1/12:
|h Superintendent of Documents classification
|
| 998 |
f |
f |
|a EP 1.1/12:
|t 0
|l Available Online
|